[Event "LIBEREC OPEN 2019"]
[Site "Clarion Grandhotel Zlaty Lev, Liberec"]
[Date "2019.02.28"]
[Round "7"]
[White "Verwoert, Jef"]
[Black "Bakhtin, Vladimir A"]
[Result "1/2-1/2"]
[WhiteElo "2036"]
[BlackElo "2138"]
[PlyCount "143"]
[EventDate "2019.02.23"]

1. c4 Nf6 2. g3 e6 3. Bg2 d5 4. Nf3 Be7 5. O-O O-O 6. b3 c5 7. Bb2 Nc6 8. e3 b6
9. Nc3 Bb7 10. d4 dxc4 11. bxc4 Na5 12. Ne5 Bxg2 13. Kxg2 cxd4 14. exd4 Rc8 15.
Qe2 Qc7 16. Nb5 Qb7+ 17. f3 Rfd8 18. Rfd1 a6 19. Na3 Nc6 20. Nxc6 Qxc6 21. Rac1
Qa4 22. Qd3 h6 23. Qb3 Qa5 24. Nb1 Rb8 25. Nc3 b5 26. c5 b4 27. Ne4 Nd5 28. Rf1
Qb5 29. Rce1 a5 30. f4 a4 31. Qf3 a3 32. Ba1 b3 33. axb3 Qxb3 34. Nd2 Qb4 35.
Re2 g6 36. g4 a2 37. f5 exf5 38. gxf5 g5 39. Kh1 Bf6 40. c6 Rbc8 41. Ne4 Bxd4
42. Bxd4 Qxd4 43. Rxa2 Qc4 44. Rd2 Kh8 45. Rfd1 Qxc6 46. Nc3 Qxc3 47. Qxc3+
Rxc3 48. Rxd5 Rxd5 49. Rxd5 Kg7 50. Kg2 h5 51. f6+ Kxf6 52. h4 g4 53. Rxh5 Rh3
54. Ra5 Ke6 55. Ra6+ Ke7 56. Ra7+ Kf6 57. Ra5 Rxh4 58. Kg3 Rh1 59. Kxg4 Rg1+
60. Kf4 Rf1+ 61. Kg4 Rb1 62. Ra6+ Kg7 63. Kg5 Rb5+ 64. Kf4 f6 65. Ra4 Kg6 66.
Rc4 Rh5 67. Rc6 Rh4+ 68. Kf3 Ra4 69. Rb6 Kg5 70. Rb3 f5 71. Kg3 Rg4+ 72. Kf2
1/2-1/2

[Event "LIBEREC OPEN 2019"]
[Site "Clarion Grandhotel Zlaty Lev, Liberec"]
[Date "2019.02.28"]
[Round "7"]
[White "Czarniecka, Aleksandra"]
[Black "Kaderabek, Jiri"]
[Result "1-0"]
[WhiteElo "2022"]
[BlackElo "2093"]
[PlyCount "137"]
[EventDate "2019.02.23"]

1. e4 c5 2. Nf3 e6 3. d4 cxd4 4. Nxd4 a6 5. c4 Qc7 6. a3 Nc6 7. Nc3 Nf6 8. Be2
b6 9. Be3 Bb7 10. f3 Bc5 11. O-O O-O 12. b4 Bxd4 13. Bxd4 Nxd4 14. Qxd4 d5 15.
cxd5 exd5 16. Nxd5 Nxd5 17. exd5 Rfd8 18. Rac1 Qd6 19. Rfd1 h6 20. Bc4 Rd7 21.
Bb3 Rdd8 22. Ba4 Rac8 23. Rxc8 Rxc8 24. Bb3 Ba8 25. Re1 a5 26. Qe5 Qxe5 27.
Rxe5 axb4 28. axb4 Kf8 29. d6 Bc6 30. Re7 Rd8 31. Rxf7+ Ke8 32. Re7+ Kf8 33.
Re6 Bd7 34. Re2 Rc8 35. Bd5 Rc1+ 36. Kf2 Rd1 37. Re7 Be8 38. Re5 g6 39. d7 Bxd7
40. Be4 Kf7 41. Rd5 Rxd5 42. Bxd5+ Kf6 43. f4 g5 44. g3 Ba4 45. Ke3 h5 46. Be4
Bb3 47. h4 gxh4 48. gxh4 Bf7 49. Kd4 Be6 50. Bf3 Bf7 51. Ke4 Be8 52. Be2 Bf7
53. Bd1 Be8 54. Be2 Bf7 55. Bd1 Be8 56. Bb3 Bc6+ 57. Bd5 Ba4 58. Bb7 Bc2+ 59.
Kf3 Kf5 60. Bc6 Bd1+ 61. Kg3 Bb3 62. Bd7+ Ke4 63. Be8 Bd1 64. Bc6+ Kf5 65. Bf3
Bxf3 66. Kxf3 b5 67. Ke3 Kg4 68. Ke4 Kxh4 69. f5 1-0

[Event "LIBEREC OPEN 2019"]
[Site "Clarion Grandhotel Zlaty Lev, Liberec"]
[Date "2019.02.28"]
[Round "7"]
[White "Romanov, Sergey"]
[Black "Nemcova, Karin"]
[Result "1/2-1/2"]
[WhiteElo "2139"]
[BlackElo "2033"]
[PlyCount "43"]
[EventDate "2019.02.23"]

1. e4 c5 2. Nf3 e6 3. d4 cxd4 4. Nxd4 Nc6 5. Be3 Qc7 6. Be2 Nf6 7. Nc3 a6 8. a3
b5 9. f4 Bb7 10. Bf3 b4 11. axb4 Bxb4 12. O-O Ne7 13. e5 Nfd5 14. Nxd5 Nxd5 15.
Qd3 O-O 16. c3 Bc5 17. Bd2 a5 18. Kh1 Bxd4 19. Qxd4 f5 20. Rfc1 Rfb8 21. c4 Nb4
22. Bxb7 1/2-1/2

[Event "LIBEREC OPEN 2019"]
[Site "Clarion Grandhotel Zlaty Lev, Liberec"]
[Date "2019.02.28"]
[Round "7"]
[White "Polansky, Adam Lubos"]
[Black "Ivanov, Mikhail M"]
[Result "1/2-1/2"]
[WhiteElo "1997"]
[BlackElo "2387"]
[PlyCount "64"]
[EventDate "2019.02.23"]

1. d4 Nf6 2. c4 c5 3. Nf3 cxd4 4. Nxd4 b6 5. Nc3 Bb7 6. Qc2 d6 7. e4 e6 8. Be2
Nbd7 9. O-O Rc8 10. b3 a6 11. a4 g6 12. Bg5 Bg7 13. f4 Qc7 14. Rad1 O-O 15. Kh1
h6 16. Bh4 e5 17. fxe5 dxe5 18. Nf3 Rfe8 19. Ne1 Qc5 20. Nd3 Qf8 21. Nf2 Nc5
22. Rd2 Ne6 23. Ng4 Nxg4 24. Bxg4 Nd4 25. Rxd4 exd4 26. Bxc8 Rxc8 27. Nd5 Bxd5
28. exd5 b5 29. axb5 axb5 30. Qd3 bxc4 31. bxc4 Qc5 32. h3 Be5 1/2-1/2

[Event "LIBEREC OPEN 2019"]
[Site "Clarion Grandhotel Zlaty Lev, Liberec"]
[Date "2019.02.28"]
[Round "7"]
[White "Jinova, Lucie"]
[Black "Woolacott, Samuel"]
[Result "1-0"]
[WhiteElo "2096"]
[BlackElo "1947"]
[PlyCount "75"]
[EventDate "2019.02.23"]

1. e4 e6 2. d4 d5 3. e5 c5 4. c3 Nc6 5. Nf3 Bd7 6. Bd3 cxd4 7. cxd4 Qb6 8. O-O
Nxd4 9. Nxd4 Qxd4 10. Nc3 a6 11. Qe2 Rc8 12. Kh1 Bc5 13. f4 Ne7 14. Bd2 g6 15.
f5 Nc6 16. Rae1 gxf5 17. Bxf5 Qh4 18. Rf4 Qe7 19. Bh3 Bd4 20. Nxd5 exd5 21.
Bxd7+ Qxd7 22. e6 Qxe6 23. Rxd4 Kd7 24. Qh5 Nxd4 25. Rxe6 fxe6 26. h4 Rcf8 27.
Bc3 Nf5 28. Qd1 Rhg8 29. Qa4+ b5 30. Qxa6 Ng3+ 31. Kh2 Rf1 32. Qb7+ Kd6 33.
Qb6+ Kd7 34. Qxb5+ Kd6 35. Qb6+ Kd7 36. Qb7+ Kd6 37. Bg7 Nh5 38. Qa6+ 1-0

[Event "LIBEREC OPEN 2019"]
[Site "Clarion Grandhotel Zlaty Lev, Liberec"]
[Date "2019.02.28"]
[Round "7"]
[White "Novotny, Martin"]
[Black "Jordanov, Mihail"]
[Result "0-1"]
[WhiteElo "2070"]
[BlackElo "1992"]
[PlyCount "78"]
[EventDate "2019.02.23"]

1. d4 Nf6 2. c4 e6 3. Nf3 b6 4. Bf4 Bb7 5. e3 Be7 6. h3 O-O 7. Nc3 d6 8. Bd3
Nbd7 9. O-O c5 10. d5 exd5 11. cxd5 Nxd5 12. Nxd5 Bxd5 13. Bxh7+ Kxh7 14. Qxd5
Nf6 15. Qd3+ Kg8 16. Rfd1 Qd7 17. e4 Rad8 18. Qc2 Qc6 19. Nd4 Qb7 20. Nf5 Nxe4
21. Re1 d5 22. f3 Bg5 23. Rxe4 dxe4 24. Bxg5 f6 25. Bf4 exf3 26. Qb3+ Kh8 27.
Re1 Rfe8 28. Rxe8+ Rxe8 29. gxf3 c4 30. Qc3 Qd5 31. Nd6 Qd1+ 32. Kf2 Re2+ 33.
Kg3 Qg1+ 34. Kh4 Qg6 35. Qxc4 Rc2 36. Nf7+ Kh7 37. Qe6 Rc5 38. Bg5 fxg5+ 39.
Nxg5+ Qxg5# 0-1

[Event "LIBEREC OPEN 2019"]
[Site "Clarion Grandhotel Zlaty Lev, Liberec"]
[Date "2019.02.28"]
[Round "7"]
[White "Ret, Adam Josef"]
[Black "Hofman, Krystof"]
[Result "1/2-1/2"]
[WhiteElo "1841"]
[BlackElo "2025"]
[PlyCount "75"]
[EventDate "2019.02.23"]

1. d4 Nf6 2. Bf4 g6 3. e3 Bg7 4. Nf3 d6 5. h3 O-O 6. Bd3 Nbd7 7. Nbd2 Re8 8.
Bh2 e5 9. dxe5 Nxe5 10. Be2 Nfd7 11. c3 Nc5 12. Nb3 Nxb3 13. Qxb3 Qe7 14. Nxe5
dxe5 15. O-O c6 16. Rfd1 b5 17. Bf3 Be6 18. Qc2 Rac8 19. a3 a5 20. a4 b4 21. c4
Qc5 22. Rac1 Red8 23. b3 Bf5 24. Be4 Bxe4 25. Qxe4 Rd6 26. Qc2 Rcd8 27. Kf1 Kf8
28. Ke2 Ke7 29. Rxd6 Qxd6 30. Rd1 Qxd1+ 31. Qxd1 Rxd1 32. Kxd1 f5 33. f3 Ke6
34. e4 Bf8 35. Bg1 c5 36. Ke2 f4 37. Bf2 g5 38. Bg1 1/2-1/2

[Event "LIBEREC OPEN 2019"]
[Site "Clarion Grandhotel Zlaty Lev, Liberec"]
[Date "2019.02.28"]
[Round "7"]
[White "Dzikowski, Michal"]
[Black "Ortiz Sanchez, Luis"]
[Result "1/2-1/2"]
[WhiteElo "2132"]
[BlackElo "1922"]
[PlyCount "43"]
[EventDate "2019.02.23"]

1. d4 f5 2. Bg5 h6 3. Bh4 g5 4. Bg3 Nf6 5. e3 Bg7 6. Bd3 d6 7. h4 g4 8. h5 Nc6
9. Ne2 e5 10. Bb5 Bd7 11. Nbc3 Qe7 12. Bh4 Qf7 13. dxe5 dxe5 14. Bxf6 Bxf6 15.
Qd5 Qe7 16. O-O-O O-O-O 17. Qb3 Bg5 18. Kb1 Rhf8 19. Nd5 Qc5 20. Ndc3 Qe7 21.
Nd5 Qc5 22. Nec3 1/2-1/2

[Event "LIBEREC OPEN 2019"]
[Site "Clarion Grandhotel Zlaty Lev, Liberec"]
[Date "2019.02.28"]
[Round "7"]
[White "Kruijf, Caspar"]
[Black "Juricek, Stanislav"]
[Result "1/2-1/2"]
[WhiteElo "1989"]
[BlackElo "2075"]
[PlyCount "29"]
[EventDate "2019.02.23"]

1. e4 e6 2. d4 d5 3. Nd2 Nc6 4. Ngf3 Nf6 5. e5 Nd7 6. Nb3 f6 7. exf6 Qxf6 8.
Bd3 e5 9. Bg5 Qd6 10. dxe5 Ndxe5 11. Qe2 Be7 12. Nxe5 Qxe5 13. Bxe7 Qxe2+ 14.
Bxe2 Nxe7 15. O-O-O 1/2-1/2

[Event "LIBEREC OPEN 2019"]
[Site "Clarion Grandhotel Zlaty Lev, Liberec"]
[Date "2019.02.28"]
[Round "7"]
[White "Cakl, Zdenek"]
[Black "Jeute, Peter"]
[Result "1-0"]
[WhiteElo "2058"]
[BlackElo "1928"]
[PlyCount "45"]
[EventDate "2019.02.23"]

1. Nf3 d5 2. b3 c5 3. e3 Nc6 4. Bb2 Nf6 5. Bb5 Bd7 6. O-O e6 7. Bxc6 Bxc6 8.
Ne5 Rc8 9. d3 Be7 10. Nd2 O-O 11. f4 Nd7 12. Qg4 Bf6 13. Ndf3 h6 14. Nxd7 Bxd7
15. Ne5 Rc7 16. Rf3 Bc6 17. Rh3 Kh7 18. Qh5 Be8 19. g4 Rc8 20. Rf1 Qe7 21. g5
Bxe5 22. Bxe5 Rg8 23. Bxg7 1-0

[Event "LIBEREC OPEN 2019"]
[Site "Clarion Grandhotel Zlaty Lev, Liberec"]
[Date "2019.02.28"]
[Round "7"]
[White "Elias, Jakub"]
[Black "Paldus, Petr"]
[Result "1-0"]
[WhiteElo "1910"]
[BlackElo "2036"]
[PlyCount "67"]
[EventDate "2019.02.23"]

1. e4 e5 2. Nf3 Nc6 3. Bb5 Nf6 4. Qe2 d6 5. d4 Bd7 6. c3 Be7 7. O-O O-O 8. Rd1
exd4 9. cxd4 d5 10. e5 Ne4 11. Bd3 f5 12. Nc3 Be6 13. Bc2 a6 14. Ne1 Qe8 15.
Nxe4 fxe4 16. f3 Qh5 17. Qe3 Nb4 18. Bb3 c5 19. a3 cxd4 20. Qxd4 Rac8 21. axb4
exf3 22. Nxf3 Kh8 23. Rf1 a5 24. Rxa5 Rxf3 25. gxf3 Bh3 26. Qd3 Bxb4 27. Rxd5
Rf8 28. Rf2 Be1 29. Rg2 Bxg2 30. Kxg2 Bh4 31. e6 Qe8 32. Bc2 g6 33. Bh6 Rg8 34.
Qd4+ 1-0

[Event "LIBEREC OPEN 2019"]
[Site "Clarion Grandhotel Zlaty Lev, Liberec"]
[Date "2019.02.28"]
[Round "7"]
[White "Hlavina, Matous"]
[Black "Verhoef, Harry"]
[Result "1-0"]
[WhiteElo "1985"]
[BlackElo "1794"]
[PlyCount "21"]
[EventDate "2019.02.23"]

1. e4 c5 2. Nf3 g6 3. d4 cxd4 4. Nxd4 Nc6 5. Be3 Bg7 6. Bc4 Nf6 7. Nc3 O-O 8.
Bb3 a5 9. Ndb5 a4 10. Nxa4 Nxe4 11. Bb6 1-0

[Event "LIBEREC OPEN 2019"]
[Site "Clarion Grandhotel Zlaty Lev, Liberec"]
[Date "2019.03.01"]
[Round "8"]
[White "Dambrauskas, Virginijus"]
[Black "Dowgird, Filip"]
[Result "1/2-1/2"]
[WhiteElo "2277"]
[BlackElo "2270"]
[PlyCount "107"]
[EventDate "2019.02.23"]

1. d4 d6 2. e4 Nf6 3. Nc3 c6 4. Nf3 Bg4 5. Be2 e6 6. O-O d5 7. exd5 cxd5 8. Ne5
Bxe2 9. Nxe2 Nc6 10. c3 Nxe5 11. dxe5 Nd7 12. f4 Bc5+ 13. Kh1 g6 14. Qd3 a6 15.
b4 Be7 16. Be3 Nb6 17. Bd4 h5 18. Nc1 Na4 19. Rb1 b5 20. Qe3 Rc8 21. Ne2 Rc4
22. Rf3 Kd7 23. g3 Qb8 24. Kg2 Bd8 25. h3 Bb6 26. Bxb6 Nxb6 27. Rd1 Kc7 28. Rd4
Kb7 29. Rxc4 Nxc4 30. Qd4 Qa7 31. Nc1 a5 32. Nb3 Qxd4 33. Nxd4 Kb6 34. g4 hxg4
35. hxg4 g5 36. Rh3 Rxh3 37. Kxh3 gxf4 38. Nf3 axb4 39. cxb4 Kc6 40. Kh4 d4 41.
Nxd4+ Kd5 42. Nxb5 Nxe5 43. Nc7+ Ke4 44. Nb5 Kd3 45. a4 Kc4 46. Nd6+ Kxb4 47.
Kg5 f3 48. Ne4 Kxa4 49. Kf6 Nxg4+ 50. Kxf7 e5 51. Ke6 Kb3 52. Kf5 Nf6 53. Kxf6
f2 54. Nxf2 1/2-1/2

[Event "LIBEREC OPEN 2019"]
[Site "Clarion Grandhotel Zlaty Lev, Liberec"]
[Date "2019.03.01"]
[Round "8"]
[White "Shagbazian, Taron"]
[Black "Czarniecka, Aleksandra"]
[Result "1-0"]
[WhiteElo "2421"]
[BlackElo "2022"]
[PlyCount "71"]
[EventDate "2019.02.23"]

1. d4 Nf6 2. c4 g6 3. Nc3 Bg7 4. g3 O-O 5. Bg2 d6 6. e3 Nc6 7. Nge2 e5 8. O-O
Bf5 9. d5 Nb8 10. e4 Bc8 11. h3 a5 12. Be3 Na6 13. Qd2 Nc5 14. f4 exf4 15. gxf4
Nfd7 16. Bd4 f6 17. Ng3 b6 18. b3 Rf7 19. Rac1 Ba6 20. Rf2 Qf8 21. h4 Re8 22.
Re1 Bh6 23. Qc2 Bg7 24. h5 Bh8 25. Bh3 Qh6 26. Rh2 Qg7 27. Rg2 Kf8 28. Nf5 Qg8
29. Kh2 Bg7 30. hxg6 hxg6 31. Rxg6 Qh8 32. Reg1 Ree7 33. R1g4 Ke8 34. Qg2 Bf8
35. Rg8 Qh7 36. Rh4 1-0

[Event "LIBEREC OPEN 2019"]
[Site "Clarion Grandhotel Zlaty Lev, Liberec"]
[Date "2019.03.01"]
[Round "8"]
[White "Jordanov, Mihail"]
[Black "Balinski, Damian"]
[Result "0-1"]
[WhiteElo "1992"]
[BlackElo "2161"]
[PlyCount "84"]
[EventDate "2019.02.23"]

1. e4 d6 2. d4 Nf6 3. Nc3 g6 4. Bg5 Bg7 5. Qd2 O-O 6. O-O-O c6 7. Be2 b5 8. f3
b4 9. Nb1 a5 10. Bh6 Bxh6 11. Qxh6 Kh8 12. h4 Ng8 13. Qd2 h6 14. g4 e6 15. g5
h5 16. f4 Qb6 17. Nh3 Ba6 18. Bxa6 Nxa6 19. f5 exf5 20. exf5 Ne7 21. fxg6 fxg6
22. Nf4 Nc7 23. Rde1 Ncd5 24. Nxd5 Nxd5 25. Re6 Nf4 26. Re4 Nd5 27. Re6 Nf4 28.
Rxd6 Rae8 29. Re1 Qb5 30. Rxe8 Rxe8 31. b3 Qf1+ 32. Kb2 Re1 33. Nc3 Nd5 34. Qh2
bxc3+ 35. Ka3 Qf8 36. Ka4 Re6 37. a3 Qxd6 38. Qf2 Qb8 39. b4 axb4 40. Qf1 Qa7+
41. Kb3 Qxa3+ 42. Kc4 Nb6+ 0-1

[Event "LIBEREC OPEN 2019"]
[Site "Clarion Grandhotel Zlaty Lev, Liberec"]
[Date "2019.03.01"]
[Round "8"]
[White "Bakhtin, Vladimir A"]
[Black "Ochedzan, Tymon"]
[Result "0-1"]
[WhiteElo "2138"]
[BlackElo "2076"]
[PlyCount "94"]
[EventDate "2019.02.23"]

1. d4 Nf6 2. c4 g6 3. Nc3 Bg7 4. e4 d6 5. Nf3 O-O 6. Be2 Na6 7. O-O e5 8. dxe5
dxe5 9. Qxd8 Rxd8 10. Bg5 h6 11. Bh4 Re8 12. Nd2 c6 13. Rad1 Nc7 14. Bg3 b6 15.
c5 b5 16. b4 a5 17. a3 Ba6 18. Rb1 Nh7 19. Rfd1 Nf8 20. Nf3 f5 21. h3 f4 22.
Bh2 Bb7 23. Kf1 Red8 24. Ne1 axb4 25. axb4 Rxd1 26. Bxd1 Rd8 27. Ke2 Kh8 28. f3
Bc8 29. Bg1 g5 30. Bc2 h5 31. Bf2 Bf6 32. Bd3 Kg7 33. Nc2 Nfe6 34. Na2 g4 35.
hxg4 hxg4 36. Nc1 Rh8 37. Nb3 Rh2 38. Rg1 Ng5 39. Kf1 gxf3 40. gxf3 Kf7 41. Nd2
Nh3 42. Rg2 Rh1+ 43. Ke2 Nxf2 44. Rxf2 Bh3 45. Nc4 bxc4 46. Bxc4+ Ne6 47. Ba6
Bg4 0-1

[Event "LIBEREC OPEN 2019"]
[Site "Clarion Grandhotel Zlaty Lev, Liberec"]
[Date "2019.03.01"]
[Round "8"]
[White "Grzesik, Norbert"]
[Black "Jinova, Lucie"]
[Result "1-0"]
[WhiteElo "2007"]
[BlackElo "2096"]
[PlyCount "101"]
[EventDate "2019.02.23"]

1. e4 e6 2. d4 d5 3. Nc3 Nf6 4. Bg5 Be7 5. e5 Nfd7 6. Bxe7 Qxe7 7. f4 a6 8. Nf3
c5 9. Qd2 Nc6 10. dxc5 Nxc5 11. Bd3 Bd7 12. O-O O-O-O 13. a3 Kb8 14. Ne2 Rc8
15. Ned4 Nxd3 16. Qxd3 h6 17. Nxc6+ Rxc6 18. Nd4 Rc4 19. Rf3 Rhc8 20. Rd1 f5
21. Qd2 Be8 22. Rg3 Bh5 23. Rf1 Rg8 24. b3 Rcc8 25. Qb4 Qxb4 26. axb4 Bf7 27.
h4 Rc7 28. Rff3 g6 29. Kf2 Be8 30. Rc3 Bd7 31. Rxc7 Kxc7 32. Ke3 Kb6 33. Kd2
Rg7 34. Kc3 Kc7 35. Nf3 b5 36. h5 Be8 37. hxg6 Rxg6 38. Rxg6 Bxg6 39. Kd4 Bh5
40. Ne1 Bd1 41. Kc3 Kc6 42. Kd2 Bh5 43. Nd3 d4 44. Nc5 Kd5 45. Kd3 a5 46. Nb7
Bd1 47. bxa5 h5 48. b4 h4 49. Nd8 Bf3 50. gxf3 h3 51. a6 1-0

[Event "LIBEREC OPEN 2019"]
[Site "Clarion Grandhotel Zlaty Lev, Liberec"]
[Date "2019.03.01"]
[Round "8"]
[White "Ivanov, Mikhail M"]
[Black "Verwoert, Jef"]
[Result "1-0"]
[WhiteElo "2387"]
[BlackElo "2036"]
[PlyCount "85"]
[EventDate "2019.02.23"]

1. Nf3 c5 2. c4 Nc6 3. Nc3 g6 4. e3 Nf6 5. d4 cxd4 6. exd4 d5 7. cxd5 Nxd5 8.
Bc4 Nxc3 9. Qb3 Nd5 10. Bxd5 e6 11. Bxc6+ bxc6 12. O-O Bg7 13. Bg5 Qb6 14. Qa3
f6 15. Be3 Qd8 16. Rfc1 Bd7 17. Bf4 Bf8 18. Bd6 Bxd6 19. Qxd6 Qe7 20. Qg3 O-O
21. Nd2 Rfb8 22. Nb3 a5 23. Rc2 Rb5 24. Nc5 Bc8 25. Rac1 Rab8 26. b3 e5 27.
dxe5 fxe5 28. Qe3 Bf5 29. Rd2 Re8 30. h3 Rb4 31. Na4 Be4 32. Rc5 Bd5 33. Nc3
Rd4 34. Rxa5 Rxd2 35. Qxd2 Bf7 36. Qe3 Kg7 37. Ra7 Qe6 38. Ne4 h6 39. Nc5 Qf5
40. Rd7 g5 41. a4 Kg8 42. Rd6 Bd5 43. Rxh6 1-0

[Event "LIBEREC OPEN 2019"]
[Site "Clarion Grandhotel Zlaty Lev, Liberec"]
[Date "2019.03.01"]
[Round "8"]
[White "Hofman, Krystof"]
[Black "Skurniak, Szymon"]
[Result "1/2-1/2"]
[WhiteElo "2025"]
[BlackElo "1974"]
[PlyCount "94"]
[EventDate "2019.02.23"]

1. Nf3 d5 2. g3 Nf6 3. Bg2 c5 4. O-O Nc6 5. d3 Bf5 6. Nbd2 h6 7. c4 e6 8. a3
Be7 9. Rb1 O-O 10. b3 Bh7 11. Bb2 d4 12. Ne1 e5 13. Nc2 Nd7 14. b4 Qc7 15. bxc5
Nxc5 16. Nb4 Nxb4 17. axb4 Nxd3 18. exd3 Bxd3 19. Qb3 Bxf1 20. Rxf1 a5 21. Ba3
f5 22. Bd5+ Kh8 23. b5 Bxa3 24. Qxa3 Rac8 25. f3 b6 26. Qd3 Qc5 27. Be6 g6 28.
Bxc8 Rxc8 29. g4 Rf8 30. Rf2 a4 31. h3 Kg7 32. gxf5 gxf5 33. Kg2 Kf6 34. h4 a3
35. Nb3 Qb4 36. Qd2 Qxd2 37. Rxd2 Rc8 38. Rc2 d3 39. Rc1 e4 40. Kf2 Ke5 41.
fxe4 fxe4 42. Ke3 Rg8 43. c5 Rg3+ 44. Kf2 Rf3+ 45. Kg2 bxc5 46. Rxc5+ Kd6 47.
Rc4 Rf5 1/2-1/2

[Event "LIBEREC OPEN 2019"]
[Site "Clarion Grandhotel Zlaty Lev, Liberec"]
[Date "2019.03.01"]
[Round "8"]
[White "Woolacott, Samuel"]
[Black "Valenta, Vit"]
[Result "0-1"]
[WhiteElo "1947"]
[BlackElo "2155"]
[PlyCount "28"]
[EventDate "2019.02.23"]

1. Nf3 Nf6 2. g3 d6 3. d4 g6 4. b3 Bg7 5. Bb2 O-O 6. Bg2 Nbd7 7. O-O c5 8. c4
cxd4 9. Qxd4 Nc5 10. Nc3 Bd7 11. Nd5 Bc6 12. Qd1 Nxd5 13. Bxg7 Ne3 14. Qd4 Nf5
0-1

[Event "LIBEREC OPEN 2019"]
[Site "Clarion Grandhotel Zlaty Lev, Liberec"]
[Date "2019.03.01"]
[Round "8"]
[White "Peniska, Pavel"]
[Black "Brauer, Christian"]
[Result "1-0"]
[WhiteElo "1851"]
[BlackElo "2033"]
[PlyCount "53"]
[EventDate "2019.02.23"]

1. e4 e6 2. d4 d5 3. Nd2 Nc6 4. c3 e5 5. exd5 Qxd5 6. Qe2 Be6 7. dxe5 Nxe5 8.
Ngf3 Nc6 9. g3 O-O-O 10. Bg2 Nf6 11. O-O Qh5 12. a4 Bd6 13. b4 Rhe8 14. Qd1 Bh3
15. Qb3 Bxg2 16. Kxg2 g5 17. Nc4 Ne4 18. Be3 Kb8 19. Rfd1 g4 20. Nd4 Nxd4 21.
Rxd4 f5 22. Nxd6 Rxd6 23. Rxd6 Nxd6 24. Rd1 Qg6 25. Bf4 Ne4 26. Rd7 Nc5 27.
bxc5 1-0

[Event "LIBEREC OPEN 2019"]
[Site "Clarion Grandhotel Zlaty Lev, Liberec"]
[Date "2019.03.01"]
[Round "8"]
[White "Jeute, Peter"]
[Black "Habenicht, Martin"]
[Result "0-1"]
[WhiteElo "1928"]
[BlackElo "1626"]
[PlyCount "30"]
[EventDate "2019.02.23"]

1. d4 b5 2. Nf3 Bb7 3. e3 a6 4. Bd3 Nf6 5. Nbd2 d5 6. O-O e6 7. Re1 Be7 8. c3
O-O 9. Qc2 c5 10. dxc5 Bxc5 11. e4 Qb6 12. Rf1 Ng4 13. exd5 Bxf2+ 14. Rxf2
Qxf2+ 15. Kh1 Ne3 0-1

[Event "LIBEREC OPEN 2019"]
[Site "Clarion Grandhotel Zlaty Lev, Liberec"]
[Date "2019.03.01"]
[Round "8"]
[White "Muller, David"]
[Black "Ulicny, Daniel"]
[Result "1/2-1/2"]
[WhiteElo "1380"]
[BlackElo "1802"]
[PlyCount "41"]
[EventDate "2019.02.23"]

1. e4 e5 2. Nf3 Nf6 3. Nxe5 d6 4. Nf3 Nxe4 5. Qe2 Qe7 6. d3 Nf6 7. Bg5 Qxe2+ 8.
Bxe2 Nc6 9. Bxf6 gxf6 10. Nc3 Be6 11. O-O-O O-O-O 12. g3 d5 13. d4 Bh6+ 14. Kb1
Rhe8 15. Nh4 Ne7 16. f4 Nf5 17. Nxf5 Bxf5 18. Bh5 Bg6 19. Bg4+ f5 20. Bf3 c6
21. Rhe1 1/2-1/2

[Event "LIBEREC OPEN 2019"]
[Site "Clarion Grandhotel Zlaty Lev, Liberec"]
[Date "2019.03.01"]
[Round "8"]
[White "Sakthivel, Heamish Kanha"]
[Black "Slechta, Jan"]
[Result "1-0"]
[WhiteElo "1423"]
[BlackElo "1744"]
[PlyCount "67"]
[EventDate "2019.02.23"]

1. e4 d5 2. exd5 Qxd5 3. Nc3 Qd6 4. d4 c6 5. Nf3 Nf6 6. Ne5 Bf5 7. Bf4 Qd8 8.
Bc4 e6 9. O-O Be7 10. Re1 Nbd7 11. Bd3 Bg6 12. Nc4 Nb6 13. Nxb6 Qxb6 14. Ne4
Nxe4 15. Bxe4 Rd8 16. Bxg6 hxg6 17. Be3 Rd5 18. c4 Rdh5 19. h3 Qc7 20. Rc1 Qa5
21. a3 Qf5 22. g4 Qe4 23. gxh5 Rxh5 24. Qg4 Qd3 25. Rc3 Qf5 26. Qxf5 gxf5 27.
Kg2 g5 28. f4 f6 29. Bd2 Kf7 30. Rce3 e5 31. dxe5 gxf4 32. e6+ Ke8 33. Rf3 Rg5+
34. Kh2 1-0

[Event "LIBEREC OPEN 2019"]
[Site "Clarion Grandhotel Zlaty Lev, Liberec"]
[Date "2019.03.01"]
[Round "8"]
[White "Bruna, Matous"]
[Black "Jina, Lubos"]
[Result "1-0"]
[WhiteElo "1504"]
[BlackElo "1729"]
[PlyCount "59"]
[EventDate "2019.02.23"]

1. e4 d6 2. d4 g6 3. Nc3 Bg7 4. Be3 c6 5. h3 Qa5 6. Nf3 Nf6 7. Qd2 Nbd7 8. Bd3
b5 9. e5 dxe5 10. dxe5 Ng8 11. Bf4 Nc5 12. O-O Nxd3 13. cxd3 e6 14. Ne4 Qxd2
15. Bxd2 Bf8 16. Rac1 Bb7 17. Nd6+ Bxd6 18. exd6 f6 19. Nd4 Kd7 20. Nxb5 g5 21.
Bb4 Nh6 22. Rfe1 Nf7 23. Nc7 Rac8 24. Rxe6 Nxd6 25. Rxd6+ Kxc7 26. Rxf6 Kb6 27.
Bc5+ Ka6 28. Rc3 Rce8 29. b4 Ba8 30. Rf7 1-0

[Event "LIBEREC OPEN 2019"]
[Site "Clarion Grandhotel Zlaty Lev, Liberec"]
[Date "2019.03.01"]
[Round "8"]
[White "Mraz, Pavel"]
[Black "Blazek, Tomas"]
[Result "1/2-1/2"]
[WhiteElo "1589"]
[BlackElo "1342"]
[PlyCount "32"]
[EventDate "2019.02.23"]

1. Nf3 Nf6 2. d4 e6 3. c4 c5 4. e3 d5 5. cxd5 exd5 6. dxc5 Bxc5 7. Nc3 O-O 8.
Be2 Nc6 9. O-O Be6 10. a3 a6 11. b4 Bd6 12. Bb2 Qc7 13. Rc1 Rac8 14. Qa4 Be7
15. Nd4 Bd6 16. Bd3 Rfd8 1/2-1/2

[Event "LIBEREC OPEN 2019"]
[Site "Clarion Grandhotel Zlaty Lev, Liberec"]
[Date "2019.03.02"]
[Round "9"]
[White "Shagbazian, Taron"]
[Black "Dambrauskas, Virginijus"]
[Result "1-0"]
[WhiteElo "2421"]
[BlackElo "2277"]
[PlyCount "137"]
[EventDate "2019.02.23"]

1. d4 d5 2. c4 c6 3. Nf3 Nf6 4. Nc3 e6 5. e3 Nbd7 6. Qc2 Bd6 7. b3 O-O 8. Be2
b6 9. O-O Bb7 10. Bb2 Rc8 11. Rfd1 Qe7 12. Rac1 Ba3 13. Qb1 Bxb2 14. Qxb2 c5
15. Qa3 Ra8 16. cxd5 Nxd5 17. Na4 Rac8 18. dxc5 Nxc5 19. Nxc5 Rxc5 20. Rxc5
Qxc5 21. Qxc5 bxc5 22. Rc1 Rc8 23. Kf1 Kf8 24. Ne5 Nb6 25. f3 Ke7 26. Ke1 f6
27. Nc4 Nxc4 28. Rxc4 Kd6 29. Ra4 Ra8 30. h4 a5 31. Bb5 f5 32. Kd2 h6 33. h5
Bd5 34. Kc3 e5 35. Bd3 Bc6 36. Rh4 Bd7 37. Bc2 Rf8 38. f4 Re8 39. Rh3 Re7 40.
Rg3 Be8 41. Bxf5 Bxh5 42. Bg6 Be2 43. Bd3 Bxd3 44. Kxd3 exf4 45. exf4 Kd5 46.
Rh3 Kc6 47. Rg3 Kb5 48. Rg6 Ra7 49. a4+ Kb4 50. Rb6+ Ka3 51. Kc4 Rf7 52. g3 g5
53. fxg5 hxg5 54. Rb5 Rf3 55. Rxa5 Rxb3 56. Rxc5 Rxg3 57. a5 Rg4+ 58. Kb5 Rb4+
59. Kc6 g4 60. a6 Ra4 61. Kb6 g3 62. Rc3+ Kb2 63. Rxg3 Rb4+ 64. Kc5 Ra4 65. Kb5
Ra1 66. Kb6 Kc2 67. Rg5 Kc3 68. a7 Kc4 69. Ra5 1-0

[Event "LIBEREC OPEN 2019"]
[Site "Clarion Grandhotel Zlaty Lev, Liberec"]
[Date "2019.03.02"]
[Round "9"]
[White "Dowgird, Filip"]
[Black "Balinski, Damian"]
[Result "1-0"]
[WhiteElo "2270"]
[BlackElo "2161"]
[PlyCount "141"]
[EventDate "2019.02.23"]

1. d4 Nf6 2. Bf4 g6 3. e3 Bg7 4. Nf3 d6 5. h3 O-O 6. Be2 Nbd7 7. O-O b6 8. a4
a6 9. c4 a5 10. Nc3 Bb7 11. Qb1 Qe8 12. Bh2 e5 13. Re1 Qe7 14. Nb5 Ne8 15. b4
axb4 16. Qxb4 c6 17. Nc3 c5 18. dxc5 dxc5 19. Qb3 e4 20. Nd2 Bc6 21. Ndb1 f5
22. Ra2 g5 23. Nd5 Bxd5 24. cxd5 Kh8 25. Nd2 Nd6 26. Nc4 Nxc4 27. Bxc4 f4 28.
d6 Qxd6 29. exf4 gxf4 30. Rxe4 Rae8 31. Rae2 Rxe4 32. Rxe4 Qd2 33. Qd3 Qc1+ 34.
Qf1 Qd2 35. Qe2 Qc1+ 36. Qe1 Qxe1+ 37. Rxe1 Bd4 38. Re4 Ne5 39. Bb5 Ng6 40. Kf1
Rf6 41. Be8 f3 42. g4 Kg7 43. Bg3 h6 44. Ke1 Nh8 45. Kd2 Nf7 46. Re7 Kf8 47.
Rxf7+ Rxf7 48. Bxf7 Kxf7 49. Kd3 Kf6 50. Ke4 Ke6 51. Bc7 Bxf2 52. Kxf3 Be1 53.
Bxb6 Kd5 54. Ke2 Bc3 55. a5 Kc6 56. Kd3 Bf6 57. Kc4 Be7 58. Ba7 Bd6 59. h4 Be7
60. h5 Bd6 61. a6 Bf8 62. Bb8 Kb6 63. a7 Kb7 64. Kd5 Ka8 65. Ke6 c4 66. Kf7 Ba3
67. Bf4 c3 68. Bxh6 c2 69. Be3 Bc5 70. Bc1 Kxa7 71. g5 1-0